书目信息 |
| 题名: |
画中漫游微积分:著名科学家谈微积分
|
|
| 作者: | 林群 著 | |
| 分册: | ||
| 出版信息: | 桂林 广西师范大学出版社 1999.09 |
|
| 页数: | 53页 | |
| 开本: | 32开 | |
| 丛书名: | ||
| 单 册: | ||
| 中图分类: | O172-49 | |
| 科图分类: | ||
| 主题词: | 数学分析 | |
| 电子资源: | ||
| ISBN: | 7-5633-2785-1 | |
| 000 | 00595nam0 2200193 45 | |
| 001 | 0011221147 | |
| 005 | 20001122112233.7 | |
| 010 | @a7-5633-2785-1@d5.00元 | |
| 100 | @a20001122d1999 km y0chiy0120 ea | |
| 101 | 0 | @achi |
| 105 | @a z 000yy | |
| 200 | 1 | @a画中漫游微积分:著名科学家谈微积分@AHua Zhong Man You Wei Ji Fen:Zhu Ming Ke Xue Jia Tan Wei Ji Fen@f林群著@FLin Qun Zhu |
| 210 | @a桂林@c广西师范大学出版社@d1999.09 | |
| 215 | @a53页@d32开 | |
| 606 | 0 | @a数学分析 |
| 690 | @aO172-49@v3 | |
| 701 | 0 | @a林群@4著 |
| 801 | @aCN@bPftUser@c20001122 | |
| 905 | @b500766-768@dO172-49@eL.870@f3 | |
| 画中漫游微积分:著名科学家谈微积分/林群著.-桂林:广西师范大学出版社,1999.09 |
| 53页;32开 |
| ISBN 7-5633-2785-1:5.00元 |
| ● |
| 相关链接 |
|
|
|
正题名:画中漫游微积分:著名科学家谈微积分
索取号:O172-49/L.870
 
预约/预借
| 序号 | 登录号 | 条形码 | 馆藏地/架位号 | 状态 | 备注 |
| 1 | 500766 | 205007669 | 自科二线504/504自科库 49排1列2层/ [索取号:O172-49/L.870] | 在馆 | |
| 2 | 500767 | 205007678 | 自科二线504/504自科库 49排1列2层/ [索取号:O172-49/L.870] | 在馆 | |
| 3 | 500768 | 205007687 | 自科二线504/504自科库 49排1列2层/ [索取号:O172-49/L.870] | 在馆 |